000 00823nam a2200265 a 4500
008
049 _aMAIN
090 _aTC147
100 1 0 _aLinsley, Ray K.
245 1 0 _aWater-resources engineering /
_cRay K. Linsley, Joseph B. Franzini.
250 _a3d ed.
260 0 _aNew York :
_bMcGraw-Hill,
_cc1979.
300 _axii, 716 p. :
_bill. ;
_c25 cm.
440 0 _aMcGraw-Hill series in water resources and environmental engineering.
504 _aIncludes bibliographical references.
500 _aIncludes index.
650 0 _aHydraulic engineering.
650 0 _aWater resources development.
700 1 0 _aFranzini, Joseph B.
907 _a.b10126016
_b13-05-08
_c10-06-04
003
005 20230123133736.0
040 _cNUST
942 _cBOOKS
_kTC147
999 _c153840
_d153840